| 000 | 00645nam a22002057a 4500 | ||
|---|---|---|---|
| 003 | OSt | ||
| 005 | 20231101094459.0 | ||
| 008 | 221006b |||||||| |||| 00| 0 eng d | ||
| 040 | _cBiblioteca Lado V | ||
| 082 |
_a750 _bG886t |
||
| 100 |
_91167 _aGruenebaum, Thomas _eautor |
||
| 245 | _aThe Cabaret Series/ | ||
| 260 |
_c1988 _aNew York |
||
| 300 |
_c28 x 22cm _a20p. |
||
| 650 |
_2Tesauro de Arte & Arquitectura _aARTE |
||
| 650 |
_2Tesauro de Arte & Arquitectura _aPINTURA |
||
| 650 |
_2Tesauro de Arte & Arquitectura _aÓLEO |
||
| 650 |
_2Tesauro de Arte & Arquitectura _aACRÍLICO |
||
| 942 |
_2ddc _c1 _h750 _iG886t _n0 |
||
| 999 |
_c4500 _d4500 |
||